000 00467nam a22001697a 4500
005 20251108164751.0
008 250721s1962 xx 000 0 ara d
082 1 4 _a811.9563/ديو
100 1 _aالحلي، صفي الدين
245 1 0 _aديوان صفي الدين الحلي /
264 1 _aبيروت :
_bدار صادر،
_c1962.
300 _a782ص
650 1 7 _aالشعر العربي
650 1 7 _aالعراق
942 _2ddc
_cBK
999 _c13882
_d13882